000
00315nam a22001337a 4500
020
_a
81-8482-510-2
082
_a
823
_b
PAI, T
100
_a
PAI, ANANT
245
_a
TALES OF VALOUR
260
_a
MUMBAI
_b
AMAR CHITHA KATHA
520
_a
ENGLISH SHORT STORIES
650
_a
ENGLISH SHORT STORIES
_z
MUMBAI
942
_c
BK
999
_c
5254
_d
5254